Statistics for Places with Colors in the Name

Click here to take the quiz!

General Stats

  • This quiz has been taken 37,463 times
    (13,801 since last reset)
  • The average score is 15 of 22

Answer Stats

Clue Place % Correct
Body of water that separates
Africa and Arabia
Red {Sea}
98%
World's largest islandGreen{land}
97%
World's first National ParkYellow{stone}
96%
Obama's home, formerlyWhite {House}
95%
Chinese waterwayYellow {River}
89%
Moscow plazaRed {Square}
85%
Where Anaheim is locatedOrange {County}
81%
Feature of DoverWhite {Cliffs}
80%
Strait that connects San Francisco Bay
to the Pacific Ocean
Golden {Gate}
79%
Louisiana city{Baton} Rouge
79%
Area in southwest GermanyBlack {Forest}
75%
Region of west AfricaGold {Coast}
70%
Wisconsin cityGreen {Bay}
69%
South Dakota mountain rangeBlack {Hills}
58%
River flowing from Ethiopia to KhartoumBlue {Nile}
56%
International area of BaghdadGreen {Zone}
56%
Seaside town in LancashireBlack{pool}
45%
Northwest Territories capitalYellow{knife}
39%
Street of government offices in LondonWhite{hall}
37%
Yukon capitalWhite{horse}
33%
Missile range in New MexicoWhite {Sands}
26%
Scuba diving site in BelizeGreat Blue {Hole}
26%

Score Distribution

Percentile by Number Answered

Percent of People with Each Score

Your Score History

You have not taken this quiz since the last reset